[Event "Poznan op-B 18th"]
[Site "Poznan"]
[Date "2009.07.25"]
[Round "7"]
[White "Paczka, Patryk"]
[Black "Stypka, Zbigniew"]
[Result "1-0"]
[WhiteElo "1563"]
[BlackElo "1943"]
[PlyCount "91"]
[EventDate "2009.07.19"]
[EventType "swiss"]
[EventRounds "9"]
[EventCountry "POL"]
[SourceTitle "EXT 2011"]
[Source "ChessBase"]
[SourceDate "2010.11.26"]
[SourceVersion "1"]
[SourceVersionDate "2010.11.26"]
[SourceQuality "1"]

1. e4 c5 2. Nf3 d6 3. b4 cxb4 4. d4 Nf6 5. Bd3 d5 6. e5 Ne4 7. 0-0 Nc6 8. a3 Nc3 9. Qe1 Nxb1 10. Rxb1 Bg4 11. axb4 Bxf3 12. gxf3 Nxd4 13. Qe3 Nc6 14. b5 Na5 15. e6 fxe6 16. Qxe6 Qd7 17. Bf5 Qxe6 18. Bxe6 Rd8 19. Rd1 d4 20. Bf4 b6 21. Bc7 Rd6 22. Bxd6 exd6 23. Rxd4 Be7 24. Re1 Rf8 25. Re3 Kd8 26. Bh3 Nb7 27. Ra4 Na5 28. Rae4 Bf6 29. Rd3 Kc7 30. Be6 Be5 31. Kg2 h6 32. h4 Rf6 33. Bd5 Rg6+ 34. Rg4 Rxg4+ 35. fxg4 Kd7 36. Kf3 Ke7 37. Ke4 g5 38. hxg5 hxg5 39. Rh3 Bg7 40. Kf5 Bd4 41. Rh7+ Kd8 42. f3 Ke8 43. Rxa7 Be3 44. Ke6 Kd8 45. Kxd6 Ke8 46. Ra8# 1-0

[Event "Lazy op-B 5th"]
[Site "Lazy"]
[Date "2009.06.26"]
[Round "7.7"]
[White "Stypka, Zbigniew"]
[Black "Stodolnik, Alicja"]
[Result "0-1"]
[WhiteElo "1943"]
[BlackElo "1846"]
[PlyCount "90"]
[EventDate "2009.06.21"]
[EventType "swiss"]
[EventRounds "9"]
[EventCountry "POL"]
[SourceTitle "CBM 131 Extra"]
[Source "ChessBase"]
[SourceDate "2009.09.03"]
[SourceVersion "2"]
[SourceVersionDate "2009.09.16"]
[SourceQuality "1"]

1. e4 c5 2. Nf3 e6 3. d4 cxd4 4. Nxd4 d6 5. Nc3 Nc6 6. Be2 Nf6 7. 0-0 Bd7 8. Be3 Be7 9. f4 Nxd4 10. Bxd4 Bc6 11. Bd3 Qd7 12. a4 0-0 13. Qe1 b6 14. Qg3 d5 15. exd5 exd5 16. Kh1 Ne8 17. Rfe1 Bc5 18. Qh4 h6 19. Qf2 Bxd4 20. Qxd4 Nf6 21. Rad1 Rfe8 22. Be2 Rad8 23. Bf3 Ne4 24. b3 Qc7 25. Ne2 Rd7 26. g3 Bb7 27. c3 Rde7 28. Rc1 Qc5 29. Kg2 Nd6 30. g4 Re3 31. b4 Qc8 32. h3 Nc4 33. Kf2 Qe6 34. f5 Qe7 35. b5 Nb2 36. Qd2 Nd3+ 37. Kg3 Nxc1 38. Qxc1 d4 39. Rf1 Bxf3 40. Rxf3 Rxf3+ 41. Kxf3 Qxe2+ 42. Kf4 Re4+ 43. Kg3 Re3+ 44. Kh4 Qf2+ 45. Kh5 Rxh3# 0-1

[Event "Poznan Pocztowiec-ch op"]
[Site "Poznan"]
[Date "2008.10.11"]
[Round "5.6"]
[White "Stypka, Zbigniew"]
[Black "Kaczmarek, Piotr1111"]
[Result "0-1"]
[WhiteElo "1971"]
[BlackElo "1870"]
[PlyCount "122"]
[EventDate "2008.10.03"]
[EventType "swiss"]
[EventRounds "9"]
[EventCountry "POL"]
[SourceTitle "EXT 2023"]
[Source "ChessBase"]
[SourceDate "2022.10.05"]
[SourceVersion "1"]
[SourceVersionDate "2022.10.05"]
[SourceQuality "1"]

1. e4 c5 2. Nf3 Nc6 3. Bb5 e6 4. 0-0 Nf6 5. Re1 Be7 6. c3 0-0 7. d4 d5 8. e5 Nd7 9. Qd3 c4 10. Qd1 Rb8 11. b4 cxb3 12. axb3 a6 13. Bd3 b5 14. Qc2 g6 15. Bh6 Re8 16. b4 a5 17. bxa5 Nxa5 18. Nbd2 Nc4 19. Qb3 Qc7 20. Rec1 Ndb6 21. Qxb5 Bd7 22. Qb3 Na4 23. Qd1 Ncb2 24. Qf1 Nxc3 25. Nb1 Bb4 26. Bd2 Nxd3 27. Qxd3 Bb5 28. Qc2 Ne2+ 29. Kh1 Qxc2 30. Rxc2 Bd3 31. Rc7 Bxb1 32. Rxb1 Bxd2 33. Nxd2 Rxb1+ 34. Nxb1 Rb8 35. Na3 Nxd4 36. h3 Rb3 37. Nc2 Rb1+ 38. Kh2 Rc1 39. Rc8+ Kg7 40. Nxd4 Rxc8 41. Kg3 Rc4 42. Nf3 Re4 43. Kh2 d4 44. Kg1 d3 45. Kf1 h6 46. g3 Kf8 47. Kg2 Ke7 48. Kf1 Kd7 49. g4 Kc6 50. Kg2 Kc5 51. Kf1 Kb4 52. g5 h5 53. Ne1 d2 54. Nc2+ Kc3 55. Ne3 Rxe3 56. fxe3 d1Q+ 57. Kg2 Qe2+ 58. Kh1 Kd3 59. h4 Kxe3 60. Kg1 Kf3 61. Kh1 Qg2# 0-1

[Event "Poznan Pocztowiec-ch op"]
[Site "Poznan"]
[Date "2008.10.04"]
[Round "2.5"]
[White "Polarczyk, Pawel"]
[Black "Stypka, Zbigniew"]
[Result "1-0"]
[WhiteElo "1778"]
[BlackElo "1971"]
[PlyCount "115"]
[EventDate "2008.10.03"]
[EventType "swiss"]
[EventRounds "9"]
[EventCountry "POL"]
[SourceTitle "EXT 2023"]
[Source "ChessBase"]
[SourceDate "2022.10.05"]
[SourceVersion "1"]
[SourceVersionDate "2022.10.05"]
[SourceQuality "1"]

1. d4 Nf6 2. c4 g6 3. Nc3 Bg7 4. e4 d6 5. f3 0-0 6. Be3 Nc6 7. Qd2 a6 8. Bd3 e5 9. d5 Nd4 10. Nge2 Nd7 11. Bc2 Nb6 12. b3 c5 13. dxc6 Nxc2+ 14. Qxc2 bxc6 15. Rd1 Be6 16. c5 Nc8 17. cxd6 Qd7 18. Na4 Rd8 19. Nc5 Qe8 20. Nxe6 fxe6 21. d7 Rxd7 22. Rxd7 Qxd7 23. 0-0 Ne7 24. Rd1 Qc7 25. Bc5 Kf7 26. Qc4 Nc8 27. Kh1 a5 28. Rc1 Rb8 29. Nc3 Rb7 30. Na4 Bf6 31. Be3 Be7 32. Qxc6 Qxc6 33. Rxc6 Nd6 34. Bc5 Nb5 35. Bxe7 Rxe7 36. Nc5 Nd4 37. Ra6 Rc7 38. Rxa5 Rc8 39. h4 Rc7 40. Nd3 Nc6 41. Rc5 Kf6 42. Nxe5 Nxe5 43. Rxc7 Nd3 44. Rxh7 Nf2+ 45. Kg1 Nd3 46. g4 Ke5 47. Rf7 Nc5 48. h5 g5 49. h6 Kd4 50. h7 Ke3 51. h8Q e5 52. Qh2 Nxe4 53. fxe4 Kd3 54. Rf3+ Kd4 55. Qd2+ Kc5 56. b4+ Kb5 57. Qd5+ Ka4 58. Qa5# 1-0

[Event "Poznan op-B 17th"]
[Site "Poznan"]
[Date "2008.07.26"]
[Round "8"]
[White "Nawrocki, Przemyslaw"]
[Black "Stypka, Zbigniew"]
[Result "1-0"]
[WhiteElo "1997"]
[BlackElo "1951"]
[PlyCount "123"]
[EventDate "2008.07.19"]
[EventType "swiss"]
[EventRounds "9"]
[EventCountry "POL"]
[SourceTitle "EXT 2009"]
[Source "ChessBase"]
[SourceDate "2008.11.26"]
[SourceVersion "1"]
[SourceVersionDate "2008.11.26"]
[SourceQuality "1"]

1. d4 Nf6 2. Nf3 g6 3. c4 Bg7 4. Nc3 0-0 5. e4 d6 6. Be2 e5 7. 0-0 Nc6 8. d5 Ne7 9. b4 Nh5 10. Re1 f5 11. a4 Nf6 12. Ng5 h6 13. Ne6 Bxe6 14. dxe6 fxe4 15. Bf1 Nc6 16. Nd5 Re8 17. b5 Nd4 18. e7 Rxe7 19. Nxe7+ Qxe7 20. f3 exf3 21. Qxd4 e4 22. Ra2 Ng4 23. Qxe4 f2+ 24. Rxf2 Qxe4 25. Rxe4 Nxf2 26. Kxf2 Rf8+ 27. Kg1 Rf7 28. Bd3 c6 29. Be3 cxb5 30. cxb5 d5 31. Re6 d4 32. Bd2 g5 33. Re8+ Rf8 34. Rxf8+ Kxf8 35. Kf1 Be5 36. g3 Ke7 37. Ke2 Kd6 38. Be4 b6 39. Bb4+ Ke6 40. Kd3 Bf6 41. Ba3 h5 42. Bb2 h4 43. Bxd4 Bd8 44. Ba8 hxg3 45. hxg3 Bc7 46. g4 Bf4 47. Ke4 Kd6 48. Kf5 Kc7 49. Be4 Kd6 50. Bf6 Kc5 51. Bxg5 Bd6 52. Bf4 Bf8 53. Bb8 Kb4 54. Bc2 Kc3 55. Bd1 Kd2 56. Bf3 Kc3 57. Bxa7 Bc5 58. a5 Kb4 59. Bxb6 Kxb5 60. Bxc5 Ka6 61. Be2+ Kb7 62. Bb5 1-0

[Event "Poznan op-B 17th"]
[Site "Poznan"]
[Date "2008.07.20"]
[Round "2"]
[White "Stypka, Zbigniew"]
[Black "Jablonski, Grzegorz"]
[Result "1-0"]
[WhiteElo "1951"]
[BlackElo "1650"]
[PlyCount "37"]
[EventDate "2008.07.19"]
[EventType "swiss"]
[EventRounds "9"]
[EventCountry "POL"]
[SourceTitle "EXT 2009"]
[Source "ChessBase"]
[SourceDate "2008.11.26"]
[SourceVersion "1"]
[SourceVersionDate "2008.11.26"]
[SourceQuality "1"]

1. e4 d5 2. exd5 Qxd5 3. Nc3 Qd8 4. d4 Nf6 5. Nf3 e6 6. Bd3 Be7 7. Qe2 c6 8. Bd2 Nbd7 9. 0-0-0 0-0 10. Rhg1 c5 11. Kb1 Re8 12. g4 Qc7 13. g5 Nd5 14. h4 Nf4 15. Bxh7+ Kxh7 16. Qe4+ g6 17. Bxf4 Bd6 18. Nb5 f5 19. gxf6 1-0

[Event "Rowy op-A 17th"]
[Site "Rowy"]
[Date "2008.06.21"]
[Round "8.11"]
[White "Salamon, Jan"]
[Black "Stypka, Zbigniew"]
[Result "0-1"]
[WhiteElo "1892"]
[BlackElo "1951"]
[PlyCount "28"]
[EventDate "2008.06.14"]
[EventType "swiss"]
[EventRounds "9"]
[EventCountry "POL"]
[SourceTitle "EXT 2023"]
[Source "ChessBase"]
[SourceDate "2022.10.05"]
[SourceVersion "1"]
[SourceVersionDate "2022.10.05"]
[SourceQuality "1"]

1. e4 c5 2. Nf3 d6 3. d4 cxd4 4. Nxd4 Nf6 5. Nc3 a6 6. Be3 e6 7. f3 b5 8. Qd2 Nbd7 9. 0-0-0 Bb7 10. Kb1 Rc8 11. g4 Nb6 12. Qf2 Nfd7 13. Rd2 Be7 14. Nb3 d5 0-1

[Event "Rowy op-A 17th"]
[Site "Rowy"]
[Date "2008.06.20"]
[Round "7.16"]
[White "Stypka, Zbigniew"]
[Black "Mockun, Dawid"]
[Result "1-0"]
[WhiteElo "1951"]
[BlackElo "1627"]
[PlyCount "37"]
[EventDate "2008.06.14"]
[EventType "swiss"]
[EventRounds "9"]
[EventCountry "POL"]
[SourceTitle "EXT 2023"]
[Source "ChessBase"]
[SourceDate "2022.10.05"]
[SourceVersion "1"]
[SourceVersionDate "2022.10.05"]
[SourceQuality "1"]

1. e4 e5 2. Nf3 Nc6 3. d4 exd4 4. Nxd4 Nf6 5. Nxc6 bxc6 6. Bd3 Bc5 7. e5 Nd5 8. Qg4 Bf8 9. 0-0 g6 10. Bg5 Ne7 11. Bf6 h5 12. Qh4 Rh7 13. Nc3 Bg7 14. Rfe1 Kf8 15. Ne4 Qe8 16. Nd6 Qd8 17. Bc4 cxd6 18. exd6 Nf5 19. Bxg7+ 1-0

[Event "Rowy op-A 17th"]
[Site "Rowy"]
[Date "2008.06.17"]
[Round "4.13"]
[White "Sklepinski, Artur"]
[Black "Stypka, Zbigniew"]
[Result "0-1"]
[WhiteElo "1877"]
[BlackElo "1951"]
[PlyCount "42"]
[EventDate "2008.06.14"]
[EventType "swiss"]
[EventRounds "9"]
[EventCountry "POL"]
[SourceTitle "EXT 2023"]
[Source "ChessBase"]
[SourceDate "2022.10.05"]
[SourceVersion "1"]
[SourceVersionDate "2022.10.05"]
[SourceQuality "1"]

1. d4 Nf6 2. c4 g6 3. Nc3 Bg7 4. e4 d6 5. f3 0-0 6. Be3 Nc6 7. Nge2 Rb8 8. Qd2 a6 9. Nc1 e5 10. d5 Nd4 11. N1e2 c5 12. dxc6 bxc6 13. Nxd4 exd4 14. Bxd4 d5 15. cxd5 cxd5 16. Nxd5 Nxd5 17. Bxg7 Kxg7 18. exd5 Qh4+ 19. g3 Qf6 20. 0-0-0 Bf5 21. Bxa6 Ra8 0-1

[Event "Poznan Pocztowiec-ch op-B"]
[Site "Poznan"]
[Date "2007.10.13"]
[Round "8.5"]
[White "Stypka, Zbigniew"]
[Black "Wesolowski, Edgar"]
[Result "1/2-1/2"]
[WhiteElo "1989"]
[BlackElo "1820"]
[PlyCount "51"]
[EventDate "2007.09.28"]
[EventType "swiss"]
[EventRounds "9"]
[EventCountry "POL"]
[SourceTitle "EXT 2023"]
[Source "ChessBase"]
[SourceDate "2022.10.05"]
[SourceVersion "1"]
[SourceVersionDate "2022.10.05"]
[SourceQuality "1"]

1. e4 c5 2. Nf3 d6 3. d4 cxd4 4. Nxd4 Nf6 5. Nc3 g6 6. Be3 Bg7 7. f3 Nc6 8. Qd2 0-0 9. g4 d5 10. g5 Nh5 11. exd5 Nb4 12. Bc4 Bf5 13. Nxf5 gxf5 14. f4 Rc8 15. Be2 Rxc3 16. bxc3 Nxd5 17. 0-0-0 Nxc3 18. Qxd8 Nxe2+ 19. Kd2 Rxd8+ 20. Kxe2 Rc8 21. Rd2 f6 22. Rg1 Kf7 23. h4 Rc4 24. Kf3 e5 25. gxf6 Bxf6 26. fxe5 1/2-1/2

[Event "Poznan Pocztowiec-ch op-B"]
[Site "Poznan"]
[Date "2007.09.30"]
[Round "3.2"]
[White "Bajerlein, Dawid"]
[Black "Stypka, Zbigniew"]
[Result "0-1"]
[WhiteElo "1959"]
[BlackElo "1989"]
[PlyCount "123"]
[EventDate "2007.09.28"]
[EventType "swiss"]
[EventRounds "9"]
[EventCountry "POL"]
[SourceTitle "EXT 2023"]
[Source "ChessBase"]
[SourceDate "2022.10.05"]
[SourceVersion "1"]
[SourceVersionDate "2022.10.05"]
[SourceQuality "1"]

1. d4 Nf6 2. c4 g6 3. Nf3 Bg7 4. g3 0-0 5. Bg2 d6 6. Nc3 Nc6 7. 0-0 a6 8. h3 Rb8 9. e4 Nd7 10. Be3 Na5 11. Qd3 b5 12. b3 bxc4 13. bxc4 Nb6 14. Nd2 Be6 15. d5 Bd7 16. Rac1 c5 17. f4 Na4 18. Nxa4 Bxa4 19. Nf3 Rb2 20. Rf2 Qb6 21. e5 Rxf2 22. Kxf2 Qb2+ 23. Qd2 Rb8 24. Kg1 Rb4 25. Bf1 Nb7 26. Bd3 Qxd2 27. Bxd2 Rb2 28. Kf1 Kf8 29. Bb1 Bd7 30. g4 h5 31. Bc3 Rb6 32. f5 hxg4 33. hxg4 gxf5 34. gxf5 dxe5 35. Nxe5 Bc8 36. Ke2 Rh6 37. Rg1 Rh2+ 38. Kf1 Bh8 39. Ng4 Rh3 40. Bd2 Bd4 41. Nf2 Rf3 42. Bh6+ Ke8 43. Rg8+ Kd7 44. Rg2 Nd6 45. Ke2 Rxf2+ 46. Rxf2 Bxf2 47. Kxf2 Nxc4 48. Bf4 Bb7 49. Be4 Nb6 50. Be3 Kd6 51. Bf4+ Kd7 52. Be3 Bxd5 53. Bxd5 Nxd5 54. Bxc5 Kc6 55. Ba3 e6 56. fxe6 fxe6 57. Bb2 Nb4 58. Bc3 Nxa2 59. Bd2 e5 60. Ke3 Kd5 61. Kd3 e4+ 62. Kc2 0-1

[Event "Rewal op-B 12th"]
[Site "Rewal"]
[Date "2007.08.24"]
[Round "3"]
[White "Stypka, Zbigniew"]
[Black "Graczyk, Konrad"]
[Result "0-1"]
[WhiteElo "1989"]
[BlackElo "1884"]
[PlyCount "86"]
[EventDate "2007.08.23"]
[EventType "swiss"]
[EventRounds "9"]
[EventCountry "POL"]
[SourceTitle "CBM 120 Extra"]
[Source "ChessBase"]
[SourceDate "2007.11.01"]
[SourceVersion "1"]
[SourceVersionDate "2007.11.01"]
[SourceQuality "1"]

1. d3 e6 2. e4 d5 3. Qe2 dxe4 4. dxe4 e5 5. Nf3 Nc6 6. c3 Bc5 7. b4 Bd6 8. g3 Nf6 9. Bg2 h6 10. 0-0 a6 11. Nbd2 Be6 12. Rd1 Qc8 13. Nc4 Bxc4 14. Qxc4 Qe6 15. Qxe6+ fxe6 16. Nd2 Ke7 17. Bb2 Rhf8 18. f3 g5 19. Nb3 g4 20. Rf1 gxf3 21. Bxf3 Rf7 22. Rf2 Raf8 23. Raf1 a5 24. a3 a4 25. Nd2 b5 26. Be2 Na7 27. Kg2 c5 28. h3 c4 29. Bc1 Bc7 30. Rf3 Nc8 31. Bd1 Nd6 32. Re1 Rg7 33. Bc2 Rfg8 34. Nf1 Rg6 35. Kh2 Nf7 36. Be3 Ng5 37. Bc5+ Bd6 38. Bxd6+ Kxd6 39. Rf2 Rf8 40. Kg2 Ke7 41. Rd2 Rfg8 42. Ree2 Nh5 43. Rf2 Nf7 0-1

[Event "Rewal op-B 12th"]
[Site "Rewal"]
[Date "2007.08.23"]
[Round "2"]
[White "Zmarzly, Aleksandra"]
[Black "Stypka, Zbigniew"]
[Result "0-1"]
[WhiteElo "1824"]
[BlackElo "1989"]
[PlyCount "60"]
[EventDate "2007.08.23"]
[EventType "swiss"]
[EventRounds "9"]
[EventCountry "POL"]
[SourceTitle "CBM 120 Extra"]
[Source "ChessBase"]
[SourceDate "2007.11.01"]
[SourceVersion "1"]
[SourceVersionDate "2007.11.01"]
[SourceQuality "1"]

1. e4 c5 2. d4 cxd4 3. c3 Nf6 4. e5 Nd5 5. cxd4 d6 6. Bc4 Nb6 7. Bb5+ Bd7 8. e6 fxe6 9. Bd3 g6 10. Qg4 Qc7 11. Nc3 Nd5 12. Nxd5 exd5 13. Qh4 Bg7 14. Ne2 Nc6 15. Bd2 0-0-0 16. 0-0 e5 17. Nc3 Be6 18. Nb5 Qf7 19. Rac1 Kb8 20. dxe5 Bxe5 21. Qa4 Bf5 22. Bxf5 gxf5 23. Qb3 Qd7 24. Bg5 Rc8 25. Rfd1 d4 26. Qa4 h6 27. Bh4 a6 28. Na3 Rc7 29. Nc4 Ne7 30. Qb3 Ng6 0-1

[Event "Poznan op-B 16th"]
[Site "Poznan"]
[Date "2007.07.28"]
[Round "8.8"]
[White "Stypka, Zbigniew"]
[Black "Kaczmarek, Alicja"]
[Result "1/2-1/2"]
[WhiteElo "1989"]
[BlackElo "1829"]
[PlyCount "51"]
[EventDate "2007.07.21"]
[EventType "swiss"]
[EventRounds "9"]
[EventCountry "POL"]
[SourceTitle "EXT 2023"]
[Source "ChessBase"]
[SourceDate "2022.10.05"]
[SourceVersion "1"]
[SourceVersionDate "2022.10.05"]
[SourceQuality "1"]

1. e4 c5 2. Nf3 Nc6 3. Bb5 d6 4. d4 cxd4 5. Qxd4 Bd7 6. Bxc6 Bxc6 7. Nc3 Nf6 8. Bg5 e6 9. 0-0-0 Be7 10. Qd3 Qa5 11. h4 Rc8 12. Kb1 b5 13. e5 Nd5 14. Bxe7 Nxc3+ 15. Qxc3 Qxc3 16. bxc3 Bxf3 17. gxf3 Kxe7 18. exd6+ Kd7 19. Rd3 Rc6 20. Rhd1 Rhc8 21. Kb2 Rc4 22. h5 Rh4 23. Rg1 Rg8 24. Rg5 g6 25. hxg6 hxg6 26. Rg4 1/2-1/2

[Event "Poznan op-B 16th"]
[Site "Poznan"]
[Date "2007.07.21"]
[Round "1.8"]
[White "Kowalczyk, Henryk"]
[Black "Stypka, Zbigniew"]
[Result "0-1"]
[WhiteElo "1785"]
[BlackElo "1989"]
[PlyCount "40"]
[EventDate "2007.07.21"]
[EventType "swiss"]
[EventRounds "9"]
[EventCountry "POL"]
[SourceTitle "EXT 2023"]
[Source "ChessBase"]
[SourceDate "2022.10.05"]
[SourceVersion "1"]
[SourceVersionDate "2022.10.05"]
[SourceQuality "1"]

1. g3 e5 2. Bg2 d5 3. d3 Nc6 4. Nc3 d4 5. Nd5 Bd6 6. c4 Qd7 7. Bd2 Nge7 8. Nxe7 Bxe7 9. Qa4 0-0 10. Nf3 a6 11. 0-0 h6 12. Ne1 f5 13. f4 exf4 14. Bxf4 g5 15. Bxc6 bxc6 16. Bd2 Bd6 17. Rc1 f4 18. gxf4 Bxf4 19. Bxf4 gxf4 20. Nf3 Qh3 0-1

[Event "Poznan op 15th"]
[Site "Poznan"]
[Date "2006.07.26"]
[Round "5"]
[White "Krainski, Jaroslaw"]
[Black "Stypka, Zbigniew"]
[Result "1-0"]
[WhiteElo "2069"]
[BlackElo "2013"]
[PlyCount "70"]
[EventDate "2006.07.22"]
[EventType "swiss"]
[EventRounds "9"]
[EventCountry "POL"]
[SourceTitle "EXT 2008"]
[Source "ChessBase"]
[SourceDate "2007.11.25"]
[SourceVersion "1"]
[SourceVersionDate "2007.11.25"]
[SourceQuality "1"]

1. e4 f5 2. Nf3 fxe4 3. Ne5 Nf6 4. d4 d6 5. Nc4 Bf5 6. Bg5 e6 7. Ne3 Bg6 8. c4 Be7 9. Nc3 Nbd7 10. Be2 0-0 11. 0-0 Kh8 12. Bh4 a6 13. Bg3 Qe8 14. b4 Rf7 15. c5 Bf8 16. h4 h5 17. d5 e5 18. cxd6 cxd6 19. Rc1 Nb6 20. a4 Rc8 21. a5 Rfc7 22. Qd2 Na4 23. Na2 Qd7 24. Rxc7 Rxc7 25. Rc1 Be8 26. Bd1 Qc8 27. Rxc7 Qxc7 28. Bb3 Bb5 29. Qd1 Nc3 30. Qd2 Ne2+ 31. Kh2 g6 32. Bd1 Nd4 33. Nc3 Bd3 34. f4 exf4 35. Bxf4 Bg7 1-0

[Event "Poznan op 15th"]
[Site "Poznan"]
[Date "2006.07.25"]
[Round "4"]
[White "Stypka, Zbigniew"]
[Black "Krupa, Bartlomiej"]
[Result "0-1"]
[WhiteElo "2013"]
[BlackElo "2088"]
[PlyCount "168"]
[EventDate "2006.07.22"]
[EventType "swiss"]
[EventRounds "9"]
[EventCountry "POL"]
[SourceTitle "EXT 2008"]
[Source "ChessBase"]
[SourceDate "2007.11.25"]
[SourceVersion "1"]
[SourceVersionDate "2007.11.25"]
[SourceQuality "1"]

1. e4 c5 2. Nf3 d6 3. d4 cxd4 4. Qxd4 Nc6 5. Bb5 Bd7 6. Bxc6 Bxc6 7. Nc3 Nf6 8. Bg5 e6 9. 0-0-0 Be7 10. Qd3 0-0 11. Nd4 Qc7 12. f4 Rfd8 13. f5 Qa5 14. h4 e5 15. Nb3 Qc7 16. Bxf6 gxf6 17. Nd5 Bxd5 18. Qxd5 Rac8 19. Na1 Qc4 20. Rhe1 Qa6 21. Rd3 Rc5 22. Qb3 Qc6 23. Ree3 d5 24. exd5 Rcxd5 25. Rxd5 Rxd5 26. c3 Qd7 27. Qc2 Bf8 28. Re1 Bh6+ 29. Kb1 Rd2 30. Qc1 Qxf5+ 31. Nc2 Qf2 32. Rh1 Qf5 33. g4 Qd3 34. Rg1 Rg2 35. g5 Rxg1 36. Qxg1 fxg5 37. hxg5 Qg6 38. Qxa7 Qxg5 39. a3 Qc1+ 40. Ka2 Qxc2 41. Qb8+ Bf8 42. Qxb7 Qg6 43. a4 Qe6+ 44. b3 e4 45. Qb5 e3 46. Qe2 Qe4 47. a5 Qf4 48. a6 Bc5 49. Qg2+ Kf8 50. Qa8+ Ke7 51. Qb7+ Kf6 52. Qc6+ Qd6 53. Qxd6+ Bxd6 54. a7 e2 55. a8Q e1Q 56. Qf3+ Ke6 57. Qh3+ f5 58. Qh6+ Ke5 59. Qxh7 Qd2+ 60. Kb1 f4 61. Qh5+ Ke4 62. Qg6+ Ke3 63. Qg1+ Ke4 64. Qg6+ Kf3 65. Qh5+ Ke3 66. Qe8+ Kf2 67. c4 Qe1+ 68. Qxe1+ Kxe1 69. Kc2 f3 70. Kc3 f2 71. c5 Bxc5 72. Kc4 Be7 73. b4 Bxb4 74. Kb5 f1Q+ 75. Kxb4 Qf5 76. Kc4 Qe5 77. Kd3 Kd1 78. Kc4 Kc2 79. Kb4 Qc7 80. Kb5 Kb3 81. Ka6 Qb8 82. Ka5 Kc4 83. Ka6 Kc5 84. Ka5 Qa7# 0-1

[Event "Poznan op 15th"]
[Site "Poznan"]
[Date "2006.07.23"]
[Round "2"]
[White "Chlost, Marlena"]
[Black "Stypka, Zbigniew"]
[Result "1-0"]
[WhiteElo "2132"]
[BlackElo "2013"]
[PlyCount "81"]
[EventDate "2006.07.22"]
[EventType "swiss"]
[EventRounds "9"]
[EventCountry "POL"]
[SourceTitle "EXT 2008"]
[Source "ChessBase"]
[SourceDate "2007.11.25"]
[SourceVersion "1"]
[SourceVersionDate "2007.11.25"]
[SourceQuality "1"]

1. e4 c5 2. Nf3 d6 3. d4 cxd4 4. Nxd4 Nf6 5. Nc3 a6 6. f3 e6 7. g4 h6 8. Be3 Qb6 9. Qc1 Qa5 10. Qd2 b5 11. Qf2 Nbd7 12. 0-0-0 Bb7 13. h4 b4 14. Nb3 Qc7 15. Na4 d5 16. Nac5 dxe4 17. Nxd7 Nxd7 18. f4 Be7 19. Kb1 Nf6 20. Bh3 Nd5 21. g5 Nxe3 22. Qxe3 g6 23. gxh6 f5 24. h5 gxh5 25. Qd4 Rxh6 26. Qg7 Rf6 27. Qh8+ Rf8 28. Qxh5+ Rf7 29. Nd4 Bd5 30. Rhg1 Bf8 31. Nxf5 0-0-0 32. Nd4 Rf6 33. Ne2 Qa5 34. b3 Kb8 35. Qe5+ Ka8 36. Qxf6 Rc8 37. Bxe6 Rxc2 38. Bxd5+ Kb8 39. Kxc2 Be7 40. Rg8+ Kc7 41. Qc6# 1-0

[Event "Poznan op-B"]
[Site "Poznan"]
[Date "2003.07.13"]
[Round "9"]
[White "Kolendo, Tomasz"]
[Black "Stypka, Zbigniew"]
[Result "1-0"]
[WhiteElo "2002"]
[BlackElo "2015"]
[PlyCount "47"]
[EventDate "2003.07.07"]
[EventType "swiss"]
[EventRounds "9"]
[EventCountry "POL"]
[SourceTitle "EXT 2007"]
[Source "ChessBase"]
[SourceDate "2006.11.23"]
[SourceVersion "1"]
[SourceVersionDate "2006.11.23"]
[SourceQuality "1"]

1. Nf3 Nf6 2. g3 g6 3. Bg2 Bg7 4. d4 0-0 5. 0-0 c5 6. c3 b6 7. Bg5 Bb7 8. Nbd2 d6 9. Re1 d5 10. Bxf6 Bxf6 11. Ne5 Nd7 12. Ndf3 e6 13. Rc1 Bg7 14. Nxd7 Qxd7 15. Ne5 Qd6 16. f4 Ba6 17. Kh1 Rfe8 18. Qa4 Bb7 19. e3 Qc7 20. b4 a5 21. b5 f6 22. Nd3 e5 23. dxc5 bxc5 24. fxe5 1-0

[Event "POL-ch sf"]
[Site "Lubniewice"]
[Date "2002.12.07"]
[Round "8"]
[White "Sypnicki, Dominik"]
[Black "Stypka, Zbigniew"]
[Result "1/2-1/2"]
[WhiteElo "2166"]
[BlackElo "2047"]
[PlyCount "69"]
[EventDate "2002.11.30"]
[EventType "swiss"]
[EventRounds "9"]
[EventCountry "POL"]
[SourceTitle "CBM 091 Extra"]
[Source "ChessBase"]
[SourceDate "2003.01.09"]
[SourceVersion "1"]
[SourceVersionDate "2003.01.09"]
[SourceQuality "1"]

1. e4 c5 2. Nf3 g6 3. g3 Bg7 4. Bg2 Nc6 5. 0-0 d6 6. c3 e5 7. d3 Nge7 8. Nh4 0-0 9. f4 exf4 10. Bxf4 d5 11. Bg5 Be6 12. Qe2 Qd7 13. Qf2 f6 14. Be3 b6 15. Na3 Rad8 16. Rad1 Ne5 17. exd5 Nxd5 18. Bc1 Rfe8 19. Nc4 Ng4 20. Qf3 Nh6 21. Bxh6 Bxh6 22. Rde1 Kh8 23. Qf2 Bg7 24. Ne3 Kg8 25. Nxd5 Bxd5 26. Bxd5+ Qxd5 27. Rxe8+ Rxe8 28. Re1 Rxe1+ 29. Qxe1 Qxd3 30. Qe6+ Kf8 31. Qc8+ Ke7 32. Qg8 Qd1+ 33. Kg2 Qd2+ 34. Kf3 Qd3+ 35. Kf2 1/2-1/2

[Event "POL-ch sf"]
[Site "Lubniewice"]
[Date "2002.12.02"]
[Round "3"]
[White "Bronowicki, Mateusz"]
[Black "Stypka, Zbigniew"]
[Result "1-0"]
[WhiteElo "2123"]
[BlackElo "2047"]
[PlyCount "105"]
[EventDate "2002.11.30"]
[EventType "swiss"]
[EventRounds "9"]
[EventCountry "POL"]
[SourceTitle "CBM 091 Extra"]
[Source "ChessBase"]
[SourceDate "2003.01.09"]
[SourceVersion "1"]
[SourceVersionDate "2003.01.09"]
[SourceQuality "1"]

1. e4 c5 2. Nc3 e6 3. Nf3 a6 4. a4 Nc6 5. Bc4 Nf6 6. d4 cxd4 7. Nxd4 Bb4 8. f3 Qb6 9. Nb3 0-0 10. Bd2 Re8 11. Qe2 Ne5 12. 0-0-0 d6 13. Na2 Bxd2+ 14. Rxd2 Qc6 15. Rd4 Qxa4 16. Nc3 Qc6 17. f4 Ng6 18. Rhd1 Rd8 19. e5 Ne8 20. exd6 Rxd6 21. f5 exf5 22. Rxd6 Nxd6 23. Rxd6 Qxd6 24. Qe8+ Qf8 25. Bxf7+ Kh8 26. Bxg6 Qxe8 27. Bxe8 Kg8 28. Bh5 b5 29. Nd5 Ra7 30. Na5 Bd7 31. Bf3 Kf7 32. Kd2 Ke6 33. Nb6 Be8 34. b4 Rc7 35. Nb3 Ra7 36. Ke3 g6 37. Kd4 g5 38. Nc5+ Kf6 39. Nb7 g4 40. Bd5 Bf7 41. Nd6 Bxd5 42. Kxd5 Kg5 43. Kd4 Rc7 44. c4 bxc4 45. Nbxc4 h5 46. g3 Re7 47. Ne3 Re6 48. Ndxf5 Rb6 49. Nd5 Rb5 50. Nd6 Rb8 51. Kc5 Ra8 52. Kb6 Rb8+ 53. Kxa6 1-0

[Event "POL-ch U18"]
[Site "Wisla"]
[Date "2000.??.??"]
[Round "1"]
[White "Mista, Aleksander"]
[Black "Stypka, Zbigniew"]
[Result "1-0"]
[WhiteElo "2354"]
[BlackElo "2076"]
[PlyCount "56"]
[EventDate "2000.02.26"]
[EventType "swiss"]
[EventRounds "10"]
[EventCountry "POL"]
[SourceTitle "EXT 2005"]
[Source "ChessBase"]
[SourceDate "2004.11.15"]
[SourceVersion "1"]
[SourceVersionDate "2004.11.15"]
[SourceQuality "1"]

1. e4 c5 2. Nf3 d6 3. d4 cxd4 4. Nxd4 Nf6 5. Nc3 a6 6. h3 e6 7. g4 d5 8. exd5 Nxd5 9. Nde2 Bb4 10. Bd2 Nb6 11. Be3 Qxd1+ 12. Rxd1 Nd5 13. Bd4 Nxc3 14. Nxc3 0-0 15. a3 Bxc3+ 16. Bxc3 b5 17. Bg2 Ra7 18. Bb4 Re8 19. 0-0 Nd7 20. Bc6 Rc7 21. Rd6 Rf8 22. Rfd1 Ne5 23. Rd8 Ng6 24. Bxf8 Nxf8 25. Re8 Rxc6 26. Rdd8 g5 27. Rxf8+ Kg7 28. Rxc8 Rd6 1-0